000 01194cam a22003737a 4500
003 CHAP
005 20220817042539.0
008 971013s1994 r 00010 d
010 _a47763
011 _a48735
035 _a52881
040 _cCHAP
082 _a639.2096
_bF3 v.28
110 _aFAO
245 0 _aPractical aspects of stocking small water bodies
_b: an example from Zimbabwe
260 _aRome :
_bFAO,
_c1994
300 _a40 p.
_b: ilus.
410 _aFAO
490 0 _aCIFA. Documento técnico
_v; 28
590 _aBATCH-UPD
_b10
_c20130110
_lUCH01
_h1549
590 _aBATCH-UPD
_b10
_c20130410
_lUCH01
_h0948
590 _aBATCH-UPD
_b10
_c20130914
_lUCH01
_h0938
590 _aCONVERSION
_b10
_c20130109
_lUCH01
_h1326
650 1 4 _aPesca
_xAfrica.
_987354
650 1 4 _aPesca
_xImplementos y maquinaria.
_987387
650 1 4 _aRedes de pesca.
_995383
700 0 _aMheen, H. W. van der.
_975382
810 0 _aFAO
830 0 0 _aCIFA. Documento técnico
_v; 28
_923266
901 _aBK
942 _cLIBRO
949 _a639.2096 F3 v.28
_bBC
_cFAO
_d33724000396198
_eFAO1
_h89644
_i52881
_si
949 _a639.2096 F3 v.28
_bBC
_cFAO
_d33724000396206
_eFAO2
_fc.2
_h89645
_i52881
_si
999 _c47763
_d47763